00499nam a2200121Ia 4500008004100000245018300041260003900224260000900263300000700272650002600279650001200305856006000317170516s9999 xx 000 0 und d 4aThe diagnostic value of time-resolved MR angiography with Gadobutrol at 3 T for preoperative evaluation of lower extremity tumors: Comparison with computed tomography angiography bEuropean Journal of Radiology Open c2016 a3: xRadiologic Technology xRadtech uhttp://www.sciencedirect.com/science/journal/23520477/3